00533 2200181 4500001002100000005001500021035002000036008003900056245010800095100002900203260004600232300001100278084001300289082000700302650001200309990001500321990001500336INLIS00000000000406520260429093724 a0010-1224000236260429 | | | 1 aAnalisis Branding Restoran Zushioda Palangka Raya Melalui Komunikasi Visual /cVirginia An'gie Yudithia aVirginia An'gie Yudithia aPalangka Raya :bPerpustakaan UMPR,c2022 c25 cm. a12 VIR a a12 4aSKRIPSI a1712018506 a1712018506